000 00522cab a2200193 4500
001 A27
008 090401t1991 xxu||||| |||| 00| 0 eng d
035 _a(Sirsi) u31752
041 _aeng
100 _aLee, R.G
245 _aMulti-disciplinary partnerships
260 _c1991
350 _a0
490 _aProfessional Negligence
_v7(3) September 1991, 168-169(2)
650 _aMULTI-DISCIPLINARY PARTNERSHIPS
690 _aMANAGEMENT-BUSINESS MANAGEMENT-PROFESSIONAL PRACTICE
942 _n0
948 _c04/03/1997
999 _c21316
_d21316